[Event "FIDE-Wch k.o."]
[Site "Groningen"]
[Date "1997.12.12"]
[Round "2.3"]
[White "Slobodjan, Roman"]
[Black "Azmaiparashvili, Zurab"]
[Result "0-1"]
[WhiteElo "2550"]
[BlackElo "2645"]
[Annotator "Yudasin,L"]
[PlyCount "96"]
[EventDate "1997.12.09"]
[EventType "k.o."]
[EventRounds "7"]
[EventCountry "NED"]
[SourceTitle "CBM 063"]
[Source "ChessBase"]
[SourceDate "1998.03.26"]
[SourceVersion "1"]
[SourceVersionDate "1998.03.26"]
[SourceQuality "1"]

1. e4 d6 2. d4 g6 3. Be2 Bg7 4. Nc3 (4. Nf3) 4... c6 5. Be3 (5. f4 b5 6. Bf3 b4
7. Nce2 Nf6 8. Ng3 O-O 9. N1e2 $13) 5... b5 6. a3 (6. Qd2 Nd7 7. f3) 6... Nf6
7. Qd2 (7. h3 {[%cal Gg1f3] /\Nf3}) 7... O-O 8. Bh6 $6 (8. f3 {[%cal Gh2h4,
Gg2g4] /\h4,g4}) 8... e5 9. Bxg7 Kxg7 10. Rd1 (10. dxe5 dxe5 11. Qxd8 Rxd8 12.
Nf3 Nbd7 13. O-O-O Bb7 14. Ne1 Nc5 15. Rxd8 Rxd8 16. f3 $10) 10... Qe7 11. Nf3
(11. dxe5 dxe5 12. Qd6 Qxd6 13. Rxd6 Re8 14. Nf3 a5 15. Nd2 Ra7 16. f3 Be6 $15)
11... a5 12. dxe5 dxe5 13. Bd3 $2 (13. Qe3 Nbd7 14. Nd2 $15) 13... Bg4 14. Qe3
Nbd7 15. O-O $2 (15. h3 Bxf3 16. Qxf3 b4 17. axb4 Qxb4 18. Rb1 c5 19. O-O c4
20. Be2 Nc5 $2 21. Qxf6+ Kxf6 22. Nd5+ Kg7 23. Nxb4 axb4 24. Bxc4 Nxe4 25. Bd5
Nd2 26. Bxa8 Nxb1 27. Bd5 Rd8 28. c4 bxc3 29. Rxb1 Rxd5 30. bxc3 $10) (15. Be2
Qc5 16. Qxc5 Nxc5 17. Nxe5 Bxe2 18. Nxe2) 15... Qc5 16. Rde1 Qxe3 17. Rxe3 Bxf3
18. Rxf3 Rfd8 $17 19. Re3 Nc5 20. f3 Rd7 21. Rc1 (21. Ne2 Rad8 22. Nc1 Na4 23.
b3 Nc5 24. Rfe1 Rd4 {[%cal Ga5a4,Yc5d7,Yd7b6] /\a4,/\b4,/\Nd7-b6=}) 21... h5 $1
22. Kf2 (22. h4 Rg8 $5 {[%cal Gg7f8,Yg6g5] /\Kf8,g5} (22... Ne8 23. Kf2 Nc7 24.
g3 N7e6)) 22... h4 23. Bf1 Nh5 24. Ree1 (24. Ke1 b4 25. axb4 axb4 26. Ne2 Ra2
27. b3 Nf4 28. Nxf4 exf4 29. Re2 Kf6 $17) 24... b4 25. Nb1 (25. axb4 axb4 26.
Nd1 Rad8 {[%cal Gh5f4,Gd7d2,Yf7f5] /\Nf4,Rd2,/\f5}) 25... Rad8 26. g3 Rb7 $1 {
[%cal Gb4a3,Yb7b2] /\ba,Rb2} 27. axb4 Rxb4 28. b3 a4 29. bxa4 Rxa4 30. Re3 (30.
Nc3 Ra3 31. Nb1 Ra2 32. Bc4 hxg3+ 33. hxg3 Nd3+ 34. Bxd3 Rxd3 {[%cal Yd3b3,
Yb3b2] /\Rb3-b2}) 30... Ra1 31. Rc3 (31. Ra3 Rxa3 32. Nxa3 Rd2+ 33. Be2 hxg3+
34. hxg3 Nxg3) 31... Ne6 32. Bc4 (32. Rxc6 Rb8) 32... Nd4 33. Rf1 (33. Bb3
hxg3+ 34. hxg3 Nb5 35. Rxc6 Na3 36. Rc7 Rf8 37. Nxa3 Rxc1 38. Nc4 $132) 33...
Rda8 (33... Rb8 34. Nd2 Rxf1+ 35. Nxf1 Rb2 36. Bd3) 34. Nd2 R1a3 35. Bb3 $4 (
35. Rxa3 Rxa3 36. Bd3 Ra2 37. Rc1 Kf6 $17) 35... hxg3+ 36. hxg3 Nxg3 $19 37.
Re1 Nh5 38. Nc4 Rxb3 $1 39. cxb3 (39. Rxb3 Nxb3 40. cxb3 Nf4 41. Rd1 Ra2+ $19)
39... Ra2+ 40. Ke3 (40. Kg1 Nf4 41. Kh1 Nde2 42. Re3 Ng3+ 43. Kg1 Nh3#) 40...
Nf4 41. Nxe5 Nde6 42. Rcc1 $8 c5 $1 43. Nc4 (43. Ra1 Rb2 44. Rab1 Ng2+ 45. Kd3
Nxe1+ 46. Rxe1 Rxb3+ $19) 43... Ng2+ 44. Kd3 Nef4+ 45. Kc3 Nxe1 46. Rxe1 Ne2+
47. Kd3 Nd4 $19 48. Nd2 $4 {[%tqu "En","","","","a2d2","",5]} Rxd2+ 0-1

[Event "Capablanca Memorial Elite 33rd"]
[Site "Havana"]
[Date "1998.05.13"]
[Round "5"]
[White "Vera Gonzalez Quevedo, Reynaldo"]
[Black "Zilberman, Yaacov"]
[Result "1/2-1/2"]
[WhiteElo "2535"]
[BlackElo "2555"]
[Annotator "Yudasin,L"]
[PlyCount "32"]
[EventDate "1998.05.07"]
[EventType "tourn"]
[EventRounds "11"]
[EventCountry "CUB"]
[EventCategory "12"]
[SourceTitle "CBM 065"]
[Source "ChessBase"]
[SourceDate "1998.08.06"]
[SourceVersion "1"]
[SourceVersionDate "1998.08.06"]
[SourceQuality "1"]

1. d4 d6 2. e4 Nf6 3. Nc3 g6 4. Bg5 Bg7 5. Qd2 h6 6. Bh4 (6. Be3 $5) 6... g5 7.
Bg3 Nh5 8. Bc4 (8. Be2 Nxg3 9. hxg3 Nc6 10. Bb5 Bd7 11. Nge2 a6 12. Bxc6 Bxc6
13. f4 gxf4 $2 (13... e6 14. O-O-O Qe7 $13) 14. gxf4 b5 15. Ng3 $16) 8... e6 9.
Nge2 a6 (9... Nd7 $5 {/\Nb6,d5}) 10. Bb3 (10. O-O-O b5 11. Bb3 Bb7 12. d5 Nxg3
13. hxg3 exd5 14. Bxd5 c6 15. Bb3 a5 16. a3 Na6 17. Qxd6 Qxd6 18. Rxd6 Nc5 19.
f3 Ke7 $146) 10... Nd7 11. h4 $5 Nxg3 12. Nxg3 gxh4 $1 (12... b6 13. Nh5 Bf8
14. f4) 13. Nh5 Bf8 14. f4 (14. O-O-O $2 Qg5 15. Nf4 h5 {/\Bh6}) 14... Nf6 15.
Nxf6+ Qxf6 16. O-O-O Bd7 {17.Kb1 000 18.e5~~,17.e5 Qe7 18.Ne4 000 19.Nf6=
Yudasin} 1/2-1/2

[Event "Czerniak Memorial 13th"]
[Site "Tel Aviv"]
[Date "1997.??.??"]
[Round "1"]
[White "Summerscale, Aaron"]
[Black "Kantsler, Boris"]
[Result "1/2-1/2"]
[WhiteElo "2500"]
[BlackElo "2495"]
[Annotator "Yudasin,L"]
[PlyCount "58"]
[EventDate "1997.04.04"]
[EventType "tourn"]
[EventRounds "11"]
[EventCountry "ISR"]
[EventCategory "10"]
[SourceTitle "CBM 059"]
[Source "ChessBase"]
[SourceDate "1997.08.01"]
[SourceVersion "1"]
[SourceVersionDate "1997.08.01"]
[SourceQuality "1"]

1. d4 d6 2. e4 Nf6 3. Nc3 g6 4. g3 Bg7 5. Bg2 O-O 6. Nge2 Nbd7 7. h3 c5 8. Be3
$146 (8. d5 Rb8 9. a4 a6 10. a5 b6 11. axb6 Nxb6 12. O-O Ne8 13. f4 e6 14. dxe6
fxe6 15. Qd3 c4 16. Qd2 Nc7 $10 {Norwood-Djeskovich,1996}) 8... Qc7 9. O-O Rb8
10. f4 cxd4 $8 11. Bxd4 b5 12. a4 $1 e5 13. Bf2 bxa4 $8 14. Nxa4 Bb7 15. Nec3
Bc6 16. Qd3 Rfc8 17. Rfd1 Bf8 (17... Bxa4 $5 18. Nxa4 Qxc2 19. Qxd6 Bf8 20. Qd2
Qxd2 21. Rxd2 Bb4 $1 22. Rd3 Nc5 $10) 18. Rac1 $6 Nc5 $6 (18... exf4 $1 19.
gxf4 Bh6 $1 20. Be3 Nh5 21. Rf1 Nc5 $15) 19. Nxc5 dxc5 20. fxe5 Qxe5 21. b3 Qe6
(21... Rd8 $5 22. Qe3 (22. Qc4 Rb4 $19) (22. Qf3 Rxd1+ 23. Rxd1 Re8 $10) 22...
Bh6 23. Qxh6 Qxc3 $10) 22. Nd5 Nd7 23. Ra1 Rb7 24. Ra5 $14 Ra8 25. Rda1 Ne5 26.
Qe2 Nd7 27. Qd3 Ne5 28. Qe2 Nd7 29. Qd3 Ne5 1/2-1/2

[Event "RUS-ch m3-4"]
[Site "Elista"]
[Date "1997.05.26"]
[Round "3.3"]
[White "Dreev, Alexey"]
[Black "Makarov, Marat"]
[Result "1/2-1/2"]
[WhiteElo "2650"]
[BlackElo "2545"]
[Annotator "Yudasin,L"]
[PlyCount "121"]
[EventDate "1997.04.19"]
[EventType "k.o."]
[EventRounds "6"]
[EventCountry "RUS"]
[SourceTitle "CBM 059"]
[Source "ChessBase"]
[SourceDate "1997.08.01"]
[SourceVersion "1"]
[SourceVersionDate "1997.08.01"]
[SourceQuality "1"]

1. d4 g6 2. e4 Bg7 3. Nf3 d6 4. c3 Nf6 5. Bd3 O-O 6. O-O Nc6 7. Nbd2 (7. Na3 $5
Bg4 8. Nc2 e5 9. h3 Bxf3 10. Qxf3 Nd7 11. Be3 Kh8 12. Qg4 Ne7 13. Bg5 $6 (13.
Qh4 $5 f5 14. Bg5 $14) 13... Qe8 $11) 7... e5 8. dxe5 dxe5 (8... Nxe5 $5 9.
Nxe5 dxe5 10. Nc4 (10. Qe2 Bh6 $11) 10... Qe7 $11) 9. Nc4 Nh5 (9... Qe7 10. b4
$14 {Knezevic-Tal,Leningrad,1973}) 10. Bg5 $146 (10. Bc2 h6 11. Qxd8 Rxd8 12.
g3 Be6 13. Bb3 Nf6 14. Re1 Nd7 {Taimanov-Matthilsen,Copenhagen,1996}) 10... Qe8
(10... f6 $1 11. Be3 (11. Bh4 Nf4 12. Ncxe5 Nxe5 13. Nxe5 Be6 $19) 11... Nf4
12. Bc2 Be6 $11) (10... Bf6 $5 11. Bh6 (11. Be3 Nf4 $11) 11... Bg7 $1 12. Bxg7
Kxg7 $11 13. Ncxe5 Nxe5 14. Nxe5 Nf4 $1 $15 15. g3 $8 (15. Qf3 Qg5 16. Nc4 Rd8
$19) 15... f6 16. gxf4 fxe5 17. f5 $8 (17. fxe5 Bh3 $17) 17... gxf5 $15) 11.
Re1 {[%cal Gd3f1]} h6 12. Be3 (12. Bc1 $5 Qe7 13. Ne3 $1) 12... Qe7 13. Qb3 b6
14. Qa3 Qf6 15. Bf1 {[%cal Gf3d2,Yf2f3]} Bg4 $6 (15... a6 $1) 16. Nfd2 Rfd8 17.
f3 Bd7 18. Rad1 a5 19. Qb3 a4 20. Qc2 Nf4 21. Na3 Be6 22. Bc4 (22. Bb5 Bxa2 23.
Bxa4 Bf8 $11) 22... h5 $6 (22... Bf8 $1 23. Bxe6 (23. Nb5 $4 Rxd2 $19) 23...
Nxe6 24. Nb5 Ra5 $11) 23. Nf1 Rxd1 24. Rxd1 Bxc4 (24... Bf8 $1) 25. Nxc4 Qe6
26. b3 $8 axb3 27. axb3 h4 28. Bf2 Bf6 29. Nce3 Ne7 30. c4 Nc6 31. Nd5 Bd8 32.
Qd2 $2 (32. Bxh4 $3 Bxh4 33. Nxc7 Qe7 (33... Qc8 34. Nxa8 Qxa8 35. g3 $18) 34.
Nxa8 Qc5+ 35. Kh1 $16) 32... Na5 33. Qb2 c5 34. Nfe3 Nc6 35. Nxf4 exf4 36. Nd5
Ne5 37. Nxf4 Qf6 38. Qd2 Qg5 $11 39. Kf1 Nc6 40. Be3 Qf6 41. Qd6 Nd4 42. Qxf6
Bxf6 43. Bxd4 Bxd4 44. Ne2 Be5 45. f4 Bg7 46. Kf2 Ra3 47. Rd3 Kh7 48. Ke3 Bb2
49. e5 Kg7 50. Ke4 Ra7 51. Rd2 Ba1 52. Rd6 Ra2 53. Kf3 g5 54. fxg5 Bxe5 55.
Rxb6 Bxh2 56. Rc6 Rb2 57. Rxc5 Rxb3+ 58. Ke4 Rb2 59. Kf3 Rb3+ 60. Ke4 Rb2 61.
Kf3 1/2-1/2

[Event "EU-chT (Men) 11th"]
[Site "Pula"]
[Date "1997.05.??"]
[Round "7.1"]
[White "Godena, Michele"]
[Black "Ftacnik, Lubomir"]
[Result "1/2-1/2"]
[WhiteElo "2545"]
[BlackElo "2595"]
[Annotator "Yudasin,L"]
[PlyCount "56"]
[EventDate "1997.05.05"]
[EventType "team-swiss"]
[EventRounds "9"]
[EventCountry "CRO"]
[SourceTitle "CBM 057 Extra"]
[Source "ChessBase"]
[SourceDate "1997.05.01"]
[SourceVersion "1"]
[SourceVersionDate "1997.05.01"]
[SourceQuality "1"]
[WhiteTeam "Italy"]
[BlackTeam "Slovakia"]
[WhiteTeamCountry "ITA"]
[BlackTeamCountry "SVK"]

1. e4 d6 2. d4 Nf6 3. Bd3 g6 4. c3 Bg7 5. Nf3 O-O 6. O-O Nc6 7. h3 (7. Na3 $5
Bg4 8. Nc2 e5 9. h3 Bxf3 10. Qxf3 Nd7 11. Be3 Kh8 12. Qg4 $6 Ne7 $14 {Fishbein,
A-Gulko,B,New York open,1997} (12... d5 $1 $11)) 7... e5 8. Re1 Nd7 9. Bb5 (9.
Bf1 $5 h6 10. dxe5 dxe5 11. Nbd2 f5 12. b4 Qf6 13. b5 Ne7 14. Ba3 f4 15. Nc4
Re8 $14 {Magomedov-Ftacnik,1995}) 9... Ne7 $146 (9... Qe7 10. Na3 Nd8 11. Bf1
Ne6 12. Nc2 b6 13. a4 exd4 14. cxd4 c5 $16 {Malanjuk,V-Plasket,Y,Challengers
Hastings,1996}) 10. Nbd2 a6 11. Bf1 (11. Ba4 $5 b5 12. Bc2) 11... b6 12. a4 a5
$6 13. Bb5 Bb7 14. Nf1 c6 15. Bd3 Qc7 16. Qc2 (16. b3 {[%cal Gc1a3]} d5 $11)
16... Rfe8 (16... d5 17. Nxe5 Nxe5 18. dxe5 Qxe5 19. Nh2 $14 {[%cal Gh2f3]})
17. dxe5 $1 dxe5 18. Be3 Nc8 (18... Nc5 19. Bxc5 $16) 19. N1d2 Bf8 20. Red1 (
20. Nb3 $5 {[%cal Gf3d2,Yd2c4]}) 20... f6 21. Bc4+ (21. Nb3 $5) 21... Kg7 22.
Ba2 Bc5 $11 23. Nc4 Ba6 24. Qd2 Ra7 25. Bh6+ Kh8 26. b4 Be7 27. Ne3 (27. bxa5
bxa5 28. Qxd7 Qxd7 29. Rxd7 Rxd7 30. Ncxe5 fxe5 31. Nxe5 Bf8 $1 $19) 27... Nd6
28. Qc2 Bb7 1/2-1/2

[Event "EU-chT (Men) 11th"]
[Site "Pula"]
[Date "1997.05.??"]
[Round "6.3"]
[White "Nijboer, Friso"]
[Black "Smirin, Ilia"]
[Result "1/2-1/2"]
[WhiteElo "2555"]
[BlackElo "2575"]
[Annotator "Yudasin,L"]
[PlyCount "79"]
[EventDate "1997.05.05"]
[EventType "team-swiss"]
[EventRounds "9"]
[EventCountry "CRO"]
[SourceTitle "CBM 057 Extra"]
[Source "ChessBase"]
[SourceDate "1997.05.01"]
[SourceVersion "1"]
[SourceVersionDate "1997.05.01"]
[SourceQuality "1"]
[WhiteTeam "Netherlands"]
[BlackTeam "Israel"]
[WhiteTeamCountry "NED"]
[BlackTeamCountry "ISR"]

{[%mdl 8]} 1. e4 d6 2. d4 Nf6 3. Nc3 g6 4. Be3 c6 5. Qd2 b5 6. f3 Nbd7 7. g4
Nb6 8. h4 h5 9. g5 Nfd7 10. d5 $5 (10. b3 $11) 10... Ne5 $1 $146 (10... cxd5
11. Bd4 Rh7 (11... e5 $2 12. Bxb6 axb6 13. Nxd5 $16) 12. Nxd5 a6 13. a4 $6 (13.
Nxb6 Nxb6 14. O-O-O $16) 13... bxa4 14. Qa5 Nxd5 15. Qxd5 Rb8 16. Qc6 Bg7 17.
Qxa4 Kf8 18. Rh2 $13 {Piskov,Y-Maiwald,Y,Bonn GSK,1995}) 11. dxc6 Nbc4 12. Bxc4
Nxc4 13. Qd4 $8 Rg8 $1 14. Nxb5 Qa5+ 15. Nc3 Be6 $15 {[%cal Rf8g7,Yc4b2]} 16.
b4 $8 (16. O-O-O $2 Bg7 17. Qd3 Nxb2 $19) 16... Qa3 (16... Qxb4 $5 17. Rb1 Nxe3
$5 18. Qxb4 (18. Qxe3 Qc4 $17 {[%cal Gc4c6] ^^}) 18... Nxc2+ 19. Kd2 Nxb4 20.
Rxb4 Rc8 21. Rb7 Rxc6 22. Rxa7 f6 $11) 17. Bc1 $8 Qxb4 18. Rb1 Qa5 $8 19. Nge2
Bg7 20. Qd3 $8 Qc5 {[%cal Gc5c6]} 21. Nb5 Rc8 $1 (21... Qxc6 $6 22. Nbd4 Qc5
23. c3 $14) 22. Nbd4 Bxd4 $1 23. Qxd4 $8 (23. Nxd4 $4 Ne5 $19 {[%cal Rc5d4,
Ye5f3]}) 23... Qxc6 24. Kf2 Kd7 25. c3 Rc7 26. Bf4 Rb7 27. Rb3 Rgb8 28. Rhb1 a5
29. Rxb7+ Rxb7 30. Rxb7+ Qxb7 31. e5 Qb6 32. exd6 exd6 33. Qxb6 Nxb6 34. a3 Kc6
35. Nd4+ Kd5 36. Nb5 Kc4 37. Nxd6+ Kxc3 38. Ne4+ Kb3 39. Bc7 Kc4 40. Nd6+
1/2-1/2

[Event "Villa Martelli"]
[Site "Villa Martelli"]
[Date "1998.05.19"]
[Round "1"]
[White "Milos, Gilberto"]
[Black "Rodriguez Vila, Andres"]
[Result "1/2-1/2"]
[WhiteElo "2555"]
[BlackElo "2475"]
[Annotator "Yudasin,L"]
[PlyCount "61"]
[EventDate "1998.05.??"]
[EventType "tourn"]
[EventRounds "9"]
[EventCountry "ARG"]
[EventCategory "9"]
[SourceTitle "CBM 065"]
[Source "ChessBase"]
[SourceDate "1998.08.06"]
[SourceVersion "1"]
[SourceVersionDate "1998.08.06"]
[SourceQuality "1"]

1. e4 d6 2. d4 Nf6 3. Nc3 c6 4. Nf3 Bg4 5. Be2 e6 (5... Nbd7 6. e5 Bxf3 7. exf6
Bxe2 8. fxg7 Bxg7 9. Nxe2 Qa5+ $10) 6. d5 (6. h3 Bxf3 (6... Bh5 7. d5 exd5 8.
exd5 Be7 $14) 7. Bxf3 d5 8. O-O dxe4 9. Nxe4 Nxe4 10. Bxe4 Nd7 $10) 6... exd5 (
6... cxd5 7. exd5 e5 8. Nd2 Bxe2 9. Qxe2 Nbd7 10. O-O Be7 11. a4 Rf8 12. Nc4
$14) (6... Be7 7. dxe6 Bxe6 8. Nd4 $14) (6... Bxf3 $5 7. Bxf3 cxd5 8. exd5 e5)
7. exd5 Be7 8. O-O O-O 9. Bf4 (9. dxc6 bxc6 $6 (9... Nxc6) 10. Nd4 Bxe2 11.
Qxe2 g6 12. Bh6 Re8 13. Qf3 d5 14. Rfe1 $40) 9... Qb6 10. Rb1 Nxd5 11. Nxd5
cxd5 12. Qxd5 Nc6 (12... Be6 13. Qe4 Nc6 14. Bd3 (14. Ng5 Bxg5 15. Bxg5 Bxa2)
14... g6 15. Bh6 (15. Be3 Qb4 16. a3 Qxe4 17. Bxe4 d5 18. Bd3 Bf6 19. Rfd1 $14)
15... Rfe8 $132) 13. Qd2 (13. a3 Be6 14. Qd3 $2 (14. Qb5 $10) 14... Ba2 15. Ra1
Qxb2 16. c4 Na5 17. Qd2 Qxd2 18. Bxd2 Bxc4 19. Rae1 Bxe2 20. Rxe2 Nc6 $19)
13... Bf6 (13... Be6 14. c4 Rad8 15. Ng5 $36) 14. Be3 Qc7 15. h3 Bf5 (15... Be6
16. c4 h6 17. Rfd1 Rad8 18. Bf4 Ne5 19. Rbc1 $14) 16. Bd3 Bxd3 17. Qxd3 Ne5 (
17... Rad8 18. Ng5 Bxg5 $14 (18... g6 19. Ne4 Bg7 20. Bg5 $16)) (17... h6 18.
Rfd1 Rfd8 19. c3 d5 $14) 18. Nxe5 dxe5 (18... Bxe5 19. Rfd1 Rfd8 20. Bg5 f6 21.
Be3 d5 22. Qb3 Qc6 23. Rd3 $16) 19. c4 Rfd8 (19... Qc6 20. b4 Rfd8 21. Qc2 a6
22. a4 Rac8 23. c5 e4 $10) 20. Qe4 Be7 $6 (20... Rac8 21. Rfd1 Qxc4 (21... b6
22. Rxd8+ Rxd8 23. b4 $36) 22. Rxd8+ Bxd8 23. Qxb7 $14) (20... Qc6 21. Qxc6
bxc6 22. Rfd1 e4 23. b4 $16 (23. b3 $5)) (20... g6 $132 {/\Bg7,f5}) 21. b4 $1
g6 (21... b6 22. c5 bxc5 23. bxc5 Rab8 24. c6) 22. c5 Bf8 $2 (22... f5 23. Qc4+
Kg7 24. Qe6 f4 25. Bc1 Bf6 26. Bb2 Qf7 $10) 23. Qc4 a6 24. f4 $1 (24. a4 $36) (
24. Rbd1 {/\a4,b5}) 24... exf4 (24... Bg7 25. f5 Qd7 26. fxg6 (26. f6 Bf8 27.
Rbe1 Qd3 28. Qxd3 Rxd3 29. Re2 Rad8 $132) 26... hxg6 27. Rbd1 Qe7 $14) 25. Bxf4
Qd7 26. Be5 Qd5 (26... Bg7 27. Rbd1 Qe7 28. Bxg7 Kxg7 $14) 27. Qf4 Rd7 $4 (
27... Re8 28. Ba1 Bg7 29. Rbd1 Qxa2 30. Bxg7 Kxg7 31. Rd7 $18) (27... f5 $1 {
/\Bh6=} 28. Ra1) (27... Bg7 28. Bxg7 Kxg7 29. Qf6+ Kg8 30. Rbd1 Qxd1 31. Qxf7+
Kh8 32. Rxd1 Rxd1+ 33. Kh2 $16) 28. Bf6 $4 (28. Qf6 $18) 28... Qxa2 29. b5 Qd2
$2 (29... axb5 $17) 30. c6 bxc6 31. bxc6 (31. bxc6 Qxf4 32. Rxf4 Bc5+ 33. Kf1
Rc7 34. Rc4 Rxc6 35. Bd4 Bxd4 $11) 1/2-1/2

[Event "New York op"]
[Site "New York"]
[Date "1997.??.??"]
[Round "?"]
[White "Fishbein, Alexander"]
[Black "Gulko, Boris F"]
[Result "1/2-1/2"]
[WhiteElo "2525"]
[BlackElo "2595"]
[Annotator "Yudasin,L"]
[PlyCount "43"]
[EventDate "1997.04.02"]
[EventType "swiss"]
[EventRounds "9"]
[EventCountry "USA"]
[SourceTitle "CBM 059"]
[Source "ChessBase"]
[SourceDate "1997.08.01"]
[SourceVersion "1"]
[SourceVersionDate "1997.08.01"]
[SourceQuality "1"]

1. e4 g6 2. d4 Bg7 3. Nf3 d6 4. c3 Nf6 5. Bd3 O-O 6. O-O Nc6 7. Na3 (7. Nbd2 e5
8. dxe5 dxe5 9. Nc4 Nh5 10. Bg5 Qe8 11. Re1 h6 12. Be3 Qe7 13. Qb3 b6 14. Qa3
Qf6 $11 {Dreev-Makarov,M,Rus-ch,1997}) 7... Bg4 8. Nc2 e5 9. h3 Bxf3 10. Qxf3
Nd7 (10... d5 $1 11. exd5 (11. Bg5 exd4 12. cxd4 dxe4 13. Bxe4 h6 14. Bxf6 Qxf6
$11) 11... Qxd5 $11) 11. Be3 Kh8 12. Qg4 $6 (12. Rad1 Qe7 (12... f5 $2 13. exf5
gxf5 14. Bxf5 Ne7 15. Bg5 $16) 13. Rfe1 a6 14. Qg3 Nf6 15. Bg5 Qe8 16. Qh4 $16
{Danielsen-Hoi,Arnas,1992}) 12... Ne7 $6 (12... d5 $1 13. exd5 Nf6 $11 {
[%cal Gf6d5]}) 13. Bg5 $6 (13. Qh4 $1 f5 14. Bg5 $14) 13... Qe8 14. dxe5 $6 (
14. Qh4 $5 f6 15. Bh6 $13) 14... Nxe5 15. Qe2 h6 16. Bf4 a6 17. Ne3 Nxd3 18.
Qxd3 Qb5 $11 19. Qd2 Kh7 (19... g5 $5 $11 {[%cal Gf7f5]}) 20. Rfe1 Rae8 21.
Rad1 f5 22. exf5 (22. exf5 Nxf5 23. Nd5 Rxe1+ 24. Rxe1 Qd7 $11) 1/2-1/2

[Event "RUS-chT 05th"]
[Site "Maikop"]
[Date "1998.06.11"]
[Round "9"]
[White "Petrushin, Alexander I"]
[Black "Eismont, Oleg"]
[Result "1/2-1/2"]
[WhiteElo "2425"]
[BlackElo "2470"]
[Annotator "Yudasin,L"]
[PlyCount "45"]
[EventDate "1998.06.03"]
[EventType "team-tourn"]
[EventRounds "11"]
[EventCountry "RUS"]
[SourceTitle "CBM 066"]
[Source "ChessBase"]
[SourceDate "1998.09.30"]
[SourceVersion "1"]
[SourceVersionDate "1998.09.30"]
[SourceQuality "1"]
[WhiteTeam "Cherepovets Severstal"]
[BlackTeam "Noyabrsk Yamal"]
[WhiteTeamCountry "RUS"]
[BlackTeamCountry "RUS"]

1. e4 d6 2. d4 Nf6 3. Nc3 e5 4. dxe5 dxe5 5. Qxd8+ Kxd8 6. Bc4 Be6 (6... Ke8 7.
f3 $14 (7. Nf3 Bd6 8. Bg5 $14)) 7. Bxe6 fxe6 8. f3 Nc6 9. Be3 a6 10. O-O-O+ Bd6
11. Nh3 Ke7 12. Nf2 $14 h6 13. Nd3 Rhf8 (13... b6 14. Rd2 Rhd8 15. Rhd1 Na5 16.
b3 Nb7 $14) 14. Nb1 $1 {/\Nd2-c4[b3]} b5 $1 $132 15. Nd2 Nd7 16. c3 (16. Nb3 a5
17. Nbc5 Nb6 {/\a4} (17... a4 18. Nxd7 Kxd7 19. Nc5+ Ke7 {/\Rfb8,Na5-c4[b7]}))
16... Na5 17. b3 (17. Nb3 Nxb3+ (17... Nc4 18. Bf2 a5) 18. axb3 a5 19. Kc2 a4
20. Ra1 axb3+ 21. Kxb3 c5 22. c4 bxc4+ 23. Kxc4 Nb6+ 24. Kb5 Nd7 $10 {/\Rfb8,
Nb6}) 17... Rfc8 18. Nb2 Nc6 (18... c5 19. c4 (19. Kc2 c4 20. b4 Nc6 21. a4 Bc7
$10) 19... Nb6 20. Kc2 Nc6) 19. Nb1 Rcb8 $10 20. Rd2 a5 21. Rhd1 Nd8 (21... a4
22. bxa4 bxa4 23. Nc4) 22. c4 b4 23. Na4 {23...Nb7 24.c5 Nbc5 Nc5 25.Bc5 Bc5
26.Rd7 Kf6.27.Rc7 Rc8.28.Rdd7 Bb6 29.Rg7 Kf6 30.Rf7 Kg6,29.Rc8 Rc8 30.Kd1 Bg1=,
24.Kc2 Rd8= Yudasin} 1/2-1/2

[Event "Nordic-ch VISA"]
[Site "Reykjavik"]
[Date "1997.10.08"]
[Round "1"]
[White "Hector, Jonny"]
[Black "Gretarsson, Helgi Ass"]
[Result "1-0"]
[WhiteElo "2470"]
[BlackElo "2475"]
[Annotator "Yudasin,L"]
[PlyCount "69"]
[EventDate "1997.10.08"]
[EventType "tourn"]
[EventRounds "13"]
[EventCountry "ISL"]
[EventCategory "10"]
[SourceTitle "CBM 062"]
[Source "ChessBase"]
[SourceDate "1998.01.31"]
[SourceVersion "1"]
[SourceVersionDate "1998.01.31"]
[SourceQuality "1"]

1. e4 d6 2. d4 e5 3. dxe5 dxe5 4. Qxd8+ Kxd8 5. f4 (5. Nf3 f6 6. Be3 Be6 (6...
c6 7. Nbd2 Kc7 8. O-O-O b5 9. c4 b4 10. Ne1 Nh6 11. h3 Nd7 12. Nd3 a5 13. Be2
g6 14. f4 Nf7 15. Bg4 h5 {- Vass,A-Szekeres,T/HUN-chT 1994/TD 94\03}) 7. Nfd2
c6 8. Bc4 Bxc4 9. Nxc4 Nd7 10. a3 Bc5 11. Nc3 Kc7 12. O-O-O b5 13. Bxc5 Nxc5
14. Ne3 a5 15. f3 Ne7 16. Ne2 Nc8 17. b3 Nd6 18. Kb2 Rhd8 19. g4 a4 {Vaidya,
A-Georgiev,K/Calcutta 1992/EXP 27/0-1 (29)}) (5. Bc4 Ke8 6. Be3 $14) 5... Nd7 (
5... Nf6 6. Bd3 Bc5 7. fxe5 Ng4 8. Nf3 Nc6 9. Bg5+ Kd7 10. Bb5 a6 11. Bxc6+
Kxc6 12. Nc3 h6 13. Bd2 Re8 14. Rf1 b5 15. O-O-O Be6 16. b3 Rad8 17. h3 Ne3 18.
Bxe3 Bxe3+ 19. Kb2 Bc5 20. Ne2 {Lein,A-Schramm,C/Berliner Sommer 1993/EXT 93op/
1-0 (41)}) 6. Nf3 Bd6 7. Nbd2 Ngf6 8. Bc4 (8. fxe5 Nxe5 9. Nxe5 Bxe5 10. Bd3
Re8 11. Nf3 Bd6 12. Bg5 h6 $11) (8. Nc4 exf4 9. Nxd6 cxd6 10. Bxf4 Nxe4 11. Bc4
{/\oo}) 8... exf4 9. Bxf7 Rf8 10. Bb3 h6 11. O-O g5 12. Re1 Re8 (12... Ng4 13.
Nc4 Bc5+ 14. Kf1 Nb6 15. Nce5 $16) 13. h3 Ne5 $5 (13... a5 14. a4 c6 15. Kh1 g4
$13) 14. Nxe5 Rxe5 15. Bc4 Bf5 $1 (15... Be6 16. Bd3 Bg8 17. b3 $36) 16. Bd3
Re8 17. b3 Be5 18. Rb1 Bg6 $5 (18... Bh7 19. Ba3 Bd6 20. Bb2 Be5 $11) (18...
Bh7 19. Ba3 Bd6 20. Bxd6 cxd6 21. Rbd1 Kc7 22. Nc4 Nxe4 23. Nxd6 $14) 19. Ba3
Nd7 (19... Bd6 20. e5 Bxd3 21. exd6 Bxc2 22. dxc7+ Kd7 23. Rbc1 Rxe1+ 24. Rxe1
Re8 25. Rc1 Bd3 $13) 20. Rbd1 Bc3 21. Rf1 Bh5 $6 (21... a5) (21... Kc8 22. Nf3
Bxe4 23. Bxe4 Rxe4 24. Rd3 Re3) 22. Nf3 c6 $2 (22... Kc8) 23. Bd6 Bxf3 24. gxf3
Bd4+ 25. Kg2 Re6 $2 (25... Be5) 26. Ba3 Be5 27. Bc4 $16 Rg6 28. Rf2 Kc7 29.
Rfd2 Nb6 30. Bf7 Rg7 31. Be6 a5 $2 (31... Re8 32. Bf5 {/\c4,c5+/-}) 32. c4 a4
33. Bb4 (33. c5 Nc8 34. Rd7+ Rxd7 35. Rxd7+ Kb8 36. b4 {/\Rh7}) 33... axb3 34.
axb3 $18 Ra1 $2 35. Rxa1 {36...Ba1.37Bd6.Kd8.38Be5} 1-0